Most Atheist Countries With Exceptions - Statistics

General Stats
  • This quiz has been taken 52 times
  • The average score is 11 of 15
Answer Stats
# of Atheists Country % % Correct
1.3B China 90
100%
73M Japan 58
94%
101M United States 30
94%
25M South Korea 48
86%
13M Canada 35
84%
28M Brazil 14
80%
13M Mexico 11
78%
11M Australia 42
76%
66M Vietnam 68
76%
4.2M Argentina 9
70%
5.5M Taiwan 23
70%
5M Colombia 10
66%
19M North Korea 73
66%
5.9M Chile 30
60%
4.4M Mozambique 14
2%
No matching quizzes found
Score Distribution
Percent of People with Each Score
Percentile by Number Answered
Your Score History
You have not taken this quiz